000 00472nam a2200181Ia 4500
001 8685
005 20260306160628.0
008 260306t2017||||xx |||||||||||||| ||spa||
041 _aESP
082 _a371.3
_bB98
100 _aBuzan, Tony
_eAUT
245 0 _aEl libro de los mapas mentales:
_bcómo utilizar al máximo las capacidades de la mente
260 _c2017
300 _a217 páginas :
_c24 cm.
650 _aGEN
654 _aCED
942 _cLIB
_dJUS
_fJUS
_2ddc
_n
999 _c8685
_d8685